| 000 | 00727 a2200241 4500 | ||
|---|---|---|---|
| 001 | 115815 | ||
| 020 | _a0911655387 | ||
| 041 | _apor | ||
| 090 | _aYear 3 796 | ||
| 092 | _a89006867 | ||
| 250 | _a. ed. | ||
| 300 | _a43 p. | ||
| 697 | _aAutomobile travel - Germany (West) - History - 19th century | ||
| 697 | _aBenz, Berta | ||
| 697 | _aAutomobile travel - History - 19th century. | ||
| 697 | _aAutomobiles - Germany (West) - History - 19th century | ||
| 697 | _aAutomobiles - History. | ||
| 040 |
_aBR-BrIDEA _cBR-BrIDEA |
||
| 100 |
_aBingham, Mindy _d1950 |
||
| 245 | 1 | 0 |
_aBerta Benz and the motorwagen _bthe story of the first automobile journey _c Mindy Bingham |
| 260 |
_bAdvocacy Press _c1989 |
||
| 942 | _cBK | ||
| 999 |
_c115815 _d115815 |
||